LEADER 01578nam a2200301 i 4500 001 000000170994 003 CaOOAMICUS 005 20080415000000.0 008 080415s2007 it u000 u eng u 013 $a148411 020 $a978-88-7839-092-8 040 $aSeMil$bita 100 1 $aSzypula, Wojciech.$0(OLS)http://semarc/name/63960 245 14$aThe Holy Spirit in the eschatological tension of Christian life :$ban exegetico-theological study of 2 Corinthians 5,1-5-5 and Romans 8,18-27 /$cWojciech Szypula. 260 $aRoma :$bPontificia Universitą Gregoriana,$c2007. 300 $a432 p. ;$c24 cm. 490 0 $aTesi Gregoriana. Serie Teologia ;$v147 500 $aContiene : Bibliography. 650 4$aBibbia - NT - 2 Corinzi, 5,1-10.$0(OLS)http://semarc/subject/29796 650 4$aBibbia - NT - Lettere ai Romani 8,18-27.$0(OLS)http://semarc/subject/32559 650 4$aBibbia - NT - Lettere di Paolo - Escatologia.$0(OLS)http://semarc/subject/32560 830 0$aTesi Gregoriana. Serie Teologia ;$v147.$0(OLS)http://semarc/title/351 850 $aSeMil 852 $aSeMil$W1$xVenegono$y1$m2M VI 247$j121871$B121871$CSeMilBibl$Z2$F133130 $81 961 $aSottoscrizione: Cittą Nuova (Agente) 996 $6020$a978-88-7839-092-8$9(OLS)http://semarc/number/158054 996 $6245$aThe Holy Spirit in the eschatological tension of Christian life :$ban exegetico-theological study of 2 Corinthians 5,1-5-5 and Romans 8,18-27$9(OLS)http://semarc/title/244610 996 $6260$aRoma :$bPontificia Universitą Gregoriana$9(OLS)http://semarc/publisher/29750 LEADER 01183nam a2200265 i 4500 001 000000034666 003 CaOOAMICUS 005 20130226000000.0 008 130226s1984 it u000 u ita u 013 $a1395 040 $aSeMil$bita 100 1 $aSoggin, J. Alberto,$d<1926-2010>.$0(OLS)http://semarc/name/15106 245 10$aStoria d'Israele :$bdalle origini a Bar Kochbą /$cJ. Alberto Soggin ; Con due appendici di Diethelm Conrad e Haim Tadmor. 260 $aBrescia :$bPaideia,$ccopyr. 1984. 300 $a572 p., [18] p. di tav. ;$c21 cm. 490 0 $aBiblioteca di cultura religiosa ;$v44 500 $aContiene : Appendici. 650 4$aEbrei - Storia.$0(OLS)http://semarc/subject/4633 700 1 $aTadmor, Hayim.$0(OLS)http://semarc/name/15946 700 1 $aConrad, Diethelm.$0(OLS)http://semarc/name/15945 830 0$aBiblioteca di cultura religiosa ;$v44.$0(OLS)http://semarc/title/85 850 $aSeMil 852 $aSeMil$W1$xVenegono$y1$m2L II 194$j821$B821$CSeMilBibl$Z2$F821 $81 996 $6245$aStoria d'Israele :$bdalle origini a Bar Kochbą$9(OLS)http://semarc/title/47001 996 $6260$aBrescia :$bPaideia$9(OLS)http://semarc/publisher/29614